| 000 | 00693nas a2200229 4500 | ||
|---|---|---|---|
| 001 | BR9511017 | ||
| 003 | BR-BrBNA | ||
| 005 | 20231205095601.0 | ||
| 007 | ta | ||
| 008 | 230509b bl.|||p| |||| 00| 00por d | ||
| 040 |
_aBR-BrBNA _bpor _cBiblioteca Nacional de Agricultura |
||
| 041 | _a(En) | ||
| 072 | _aF40 | ||
| 100 | 1 | _aDobereiner, J. | |
| 245 | 1 | _aEcological alternatives for cerrados and caatinga | |
| 650 | _aEcologia Vegetal | ||
| 650 | _aCerrado | ||
| 650 | _aCaatinga | ||
| 773 | 0 |
_tAnais da Academia Brasileira de Ciencias (Brazil) _xISSN 0001-3765 _g(1994), v. 66(Supl. 1. Part. 2) p. 205-210 _wBR9511017 |
|
| 909 |
_a202311 _bLúcia _c55 _dLúcia Elande |
||
| 942 |
_2AGRIS _n0 _cANA |
||
| 999 |
_c151511 _d151511 |
||